00564nam a2200157 a 450000100100000000500170001000800410002702000150006804000250008310000260010824500910013426000310022530000280025695201050028499900170038900003888120201002031414.0130501s1988 ck a 000 0 spa d a9580405700 aDO-SdBNPbspacBNPHU1 aLidstone, John96515210aCapacitación de vendedores :aentrenamiento en el campo de trabajo /cJohn Lidstone. aBogotá :bNorma ,c1988. a279 p. :bil. ;c23 cm. 001050718MOaPDbPDcCTd2013-05-01iLF1l0o p38881-10r2020-06-25w2020-06-25y1ZNo se presta c38371d38371